| Tag |
First Indicator |
Second Indicator |
Subfields |
| LEADER |
00000cgm a2200000za 4500 |
| 001 |
in00003590313 |
| 006 |
m o c |
| 007 |
vz uzazuu |
| 007 |
cr una---unuuu |
| 008 |
150908p20152013cau063 o vlund d |
| 005 |
20260324181934.7 |
| 028 |
5 |
2 |
|a 1127753
|b Kanopy
|
| 035 |
|
|
|a (CaSfKAN)kan1127753
|
| 040 |
|
|
|a VDU
|b eng
|c VDU
|d UtOrBLW
|
| 245 |
0 |
0 |
|a Speaking the hard truths and getting heard: Franke James.
|
| 264 |
|
1 |
|a [San Francisco, California, USA] :
|b Kanopy Streaming,
|c 2015.
|
| 300 |
|
|
|a 1 online resource (streaming video file)
|
| 306 |
|
|
|a Duration: 63 minutes
|
| 336 |
|
|
|a two-dimensional moving image
|b tdi
|2 rdacontent
|
| 337 |
|
|
|a computer
|b c
|2 rdamedia
|
| 338 |
|
|
|a online resource
|b cr
|2 rdacarrier
|
| 500 |
|
|
|a Title from title frames.
|
| 511 |
0 |
|
|a Features: Franke James
|
| 518 |
|
|
|a Originally produced by The Green Interview in 2013.
|
| 520 |
|
|
|a This episode of The Green Interview features Franke James, a rabble-rousing artist and activist who uses her art- a signature style of lively drawings mixed with photos and hand drawn text -- and her written work to campaign for social and environmental justice. She has over 20 years' experience as a creative designer and marketing professional and most recently, she made headlines when she discovered through access-to-information requests that the Canadian government under Stephen Harper worked behind the scenes to discredit her and try to shut down her European art tour because her art focused on stopping climate change.
|
| 538 |
|
|
|a Mode of access: World Wide Web.
|
| 546 |
|
|
|a In English
|
| 500 |
|
|
|a Electronic resource.
|
| 653 |
|
|
|a Environmental Sciences
|
| 653 |
|
|
|a Human Rights
|
| 653 |
|
|
|a Visual Art
|
| 655 |
|
7 |
|a Nonfiction films.
|2 lcgft
|0 http://id.loc.gov/authorities/genreForms/gf2011026423
|
| 655 |
|
7 |
|a Internet videos.
|2 lcgft
|0 http://id.loc.gov/authorities/genreForms/gf2011026337
|
| 700 |
1 |
|
|a Beckett, Chris,
|e filmmaker.
|0 http://id.loc.gov/authorities/names/no99088850
|
| 700 |
1 |
|
|a Donald Cameron, Silver,
|e filmmaker.
|
| 710 |
2 |
|
|a Kanopy (Firm)
|0 http://id.loc.gov/authorities/names/no2014091415
|
| 856 |
4 |
0 |
|u http://proxy.library.tamu.edu/login?url=https://texasam.kanopystreaming.com/node/127754
|z Connect to this streaming video
|t 0
|
| 999 |
f |
f |
|s ccb55592-1b5e-3ad0-9e78-35afcc423872
|i f02597f2-d1de-3eed-922b-5c963cc07d97
|t 0
|
| 952 |
f |
f |
|a Texas A&M University
|b College Station
|c Electronic Resources
|s www_evans
|d Available Online
|t 0
|h No information provided
|
| 998 |
f |
f |
|t 0
|l Available Online
|